ბათუმის შოთა რუსთაველის სახელმწიფო უნივერსიტეტის ბიბლიოთეკა

ჰიპოლიტოსი = Hippolytus : (ბიბ.ჩანაწერი № 55026)

000 -ლიდერი
ფიქსირებული სიგრძის საკონტროლო ველი 02363nam a2200325Ia 4500
001 - საკონტროლო ნომერი
საკონტროლო ველი 22101
003 - საკონტროლო ნომრის იდენტიფიკატორი
საკონტროლო ველი GE_BSU
005 - ბოლო ოპერაციის თარიღი და დრო
საკონტროლო ველი 20221026121539.0
008 - ფიქსირებული სიგრძის მონაცემთა ელემენტები - ზოგადი ინფორმაცია
ფიქსირებული სიგრძის საკონტროლო ველი 181216s2017||||ge |||||||||||||| ||geo||
020 ## - წიგნის საერთაშორისო სტანდარტული ნომერი
International Standard Book Number 9789941468179
040 ## - კატალოგიზაციის წყარო
Transcribing agency GE_BSU
041 ## - ენის კოდი
Language code of text/sound track or separate title geo
080 ## - უნივერსალური ათობითი კლასიფიკაციის ინდექსი
Universal Decimal Classification number 821.14'01-21 ე-34
100 ## - მთავარი ჩანაწერი - პიროვნების სახელი
Personal name ევრიპიდე
9 (RLIN) 15553
245 ## - ცნობა სათაურის შესახებ
Title ჰიპოლიტოსი = Hippolytus :
Remainder of title [ტრაგედია] /
Statement of responsibility, etc ძვ. ბერძნულიდან თარგმნა, შესავალი წერილი და განმარტებანი დაურთო ნანა ტონიამ ; რედაქტორი რისმაგ გორდეზიანი ; დიზაინი ალეკო ჯიქურიძის.
264 ## - წარმოების, გამოცემის, დისტრიბუციის და სხვა ცნობები
გამოცემის, წარმოების, დისტრიბუციის... ადგილი თბილისი :
გამოცემის, წარმოების, დისტრიბუციის... სახელწოდება ლოგოსი
გამოცემის, წარმოების, დისტრიბუციის... თარიღი 2017.
300 ## - ფიზიკური აღწერა
Extent 168 გვ. ;
Dimensions 18 სმ.
490 ## - სერიის ცნობა
Series statement პროგრამა ”ლოგოსი: პუბლიკაციები და ღონისძიებები კლასიკური ფილოლოგიის, ბიზანტინისტიკისა და ნეოგრეცისტიკის სფეროში
501 ## - შენიშვნა თანმხლებ მასალაზე
With note განმარტებანი გვ. : 156-166
546 ## - LANGUAGE NOTE
Language note ტექსტი ქართულ და ბერძნულ ენებზე
546 ## - LANGUAGE NOTE
Language note დამატებითი სატიტულო გვერდი ბერძნულ ენაზე
653 ## - INDEX TERM--UNCONTROLLED
Uncontrolled term ბერძნული ლიტერატურა
653 ## - INDEX TERM--UNCONTROLLED
Uncontrolled term ჰიპოლიტოსი = Hippolytus
700 ## - ADDED ENTRY--PERSONAL NAME
Personal name ტონია, ნანა
Relator term მთარგმნელი
9 (RLIN) 15554
700 ## - ADDED ENTRY--PERSONAL NAME
Personal name გორდეზიანი, რისმაგ
Relator term რედაქტორი
9 (RLIN) 3462
700 ## - ADDED ENTRY--PERSONAL NAME
Personal name ჯიქურიძე, ალეკო
Relator term დიზაინი
9 (RLIN) 13951
710 ## - ADDED ENTRY--CORPORATE NAME
Corporate name or jurisdiction name as entry element ივანე ჯავახიშვილის სახელობის თბილისის სახელმწიფო უნივერსიტეტი
Subordinate unit კლასიკური ფილოლოგიის, ბიზანტინისტიკისა და ნეოგრეცისტიკის ინსტიტუტი
9 (RLIN) 13867
942 ## - ADDED ENTRY ELEMENTS (KOHA)
Koha item type წიგნი
Source of classification or shelving scheme
ეგზემპლარები
ჩამოწერის სტატუსი დაკარგული ეგზემპლარის სტატუსი კლასიფიკაციის წყარო ან თაროზე გაწყობის სქემა დაზიანების სტატუსი არ გაიცემა მუდმივი მდებარეობა (დაცვის ადგილი) ამჟამინდელი ადგილსამყოფელი თაროზე განთავსების ადგილი შეძენის თარიღი ღირებულება, შესყიდვის ნორმალური ფასი სრული შენახვის შიფრი შტრიხკოდი ბოლო ოპერაციის თარიღი ეგზემპლარის მიმდევრობითი ნომერი (კეტერი?) ფასის ძალაში შესვლის თარიღი ეგზემპლარის სახეობა საჯარო შენიშვნა
          ბათუმის შოთა რუსთაველის სახელმწიფო უნივერსიტეტის მთავარი ბიბლიოთეკა ბათუმის შოთა რუსთაველის სახელმწიფო უნივერსიტეტის მთავარი ბიბლიოთეკა წიგნსაცავი 2018-12-17 6.90 821.14'01-21 ე-34 56999 2018-12-17 56999 2018-12-17 წიგნი 6.90 ₾.
          ბათუმის შოთა რუსთაველის სახელმწიფო უნივერსიტეტის მთავარი ბიბლიოთეკა ბათუმის შოთა რუსთაველის სახელმწიფო უნივერსიტეტის მთავარი ბიბლიოთეკა წიგნსაცავი 2018-12-17 6.90 821.14'01-21 ე-34 57000 2018-12-17 57000 2018-12-17 წიგნი 6.90 ₾.
          ბათუმის შოთა რუსთაველის სახელმწიფო უნივერსიტეტის მთავარი ბიბლიოთეკა ბათუმის შოთა რუსთაველის სახელმწიფო უნივერსიტეტის მთავარი ბიბლიოთეკა წიგნსაცავი 2018-12-17 6.90 821.14'01-21 ე-34 57001 2018-12-17 57001 2018-12-17 წიგნი 6.90 ₾.